| 000 | 00455nam a2200193Ia 4500 | ||
|---|---|---|---|
| 003 | OSt | ||
| 005 | 20220609164423.0 | ||
| 008 | 210210b1970 xxu||||| |||| 00| 0 eng d | ||
| 040 | _cAL | ||
| 041 | _aeng | ||
| 082 | _a823.8 DUMC | ||
| 100 |
_aDUMAS (Alexandre). _941570 |
||
| 245 | _aCount of Monte Cristo | ||
| 260 |
_aLondon _bMacmillan & Co. Ltd. _c1970 |
||
| 300 | _a149 | ||
| 690 |
_aEnglish Fiction _941571 |
||
| 906 | _a030523 | ||
| 942 |
_2ddc _cBK |
||
| 999 |
_c81657 _d81657 |
||